ARRUPE JESUIT UNIVERSITY

CORONAVIRUS -STOP THE SPREAD - CLEAN,DISINFECT,COVER

A history of East Africa / (Record no. 118132)

MARC details
000 -LEADER
fixed length control field 00788mam a2200277 a 4500
001 - CONTROL NUMBER
control field 3303633
003 - CONTROL NUMBER IDENTIFIER
control field ARRUPE
005 - DATE AND TIME OF LATEST TRANSACTION
control field 20131025020007.0
008 - FIXED-LENGTH DATA ELEMENTS--GENERAL INFORMATION
fixed length control field 020926s2002 ug ab 001 0 eng d
020 ## - INTERNATIONAL STANDARD BOOK NUMBER
International Standard Book Number 9970022776
035 ## - SYSTEM CONTROL NUMBER
System control number (OCoLC)ocm50681578
035 ## - SYSTEM CONTROL NUMBER
System control number (NNC)3303633
040 ## - CATALOGING SOURCE
Original cataloging agency INU
Transcribing agency INU
Modifying agency NjP
043 ## - GEOGRAPHIC AREA CODE
Geographic area code fe-----
050 #4 - LIBRARY OF CONGRESS CALL NUMBER
Classification number DT430
Item number .O41 2002
300 ## - PHYSICAL DESCRIPTION
Other physical details ill., maps ;
Dimensions 21 cm.
100 1# - MAIN ENTRY--PERSONAL NAME
Personal name Okello, Benson.
9 (RLIN) 1624
245 12 - TITLE STATEMENT
Title A history of East Africa /
Statement of responsibility, etc Benson Okello.
260 ## - PUBLICATION, DISTRIBUTION, ETC. (IMPRINT)
Place of publication, distribution, etc Kampala, Uganda :
Name of publisher, distributor, etc Fountain Publishers,
Date of publication, distribution, etc 2002.
300 ## - PHYSICAL DESCRIPTION
Extent xi, 253 p. :
490 1# - SERIES STATEMENT
Series statement Fountain UCE study-books
500 ## - GENERAL NOTE
General note Includes index.
651 #0 - SUBJECT ADDED ENTRY--GEOGRAPHIC NAME
Geographic name Africa, East
General subdivision History.
9 (RLIN) 1625
830 #0 - SERIES ADDED ENTRY--UNIFORM TITLE
Uniform title Fountain UCE study-books.
9 (RLIN) 1626
942 ## - ADDED ENTRY ELEMENTS (KOHA)
Source of classification or shelving scheme Library of Congress Classification
Koha item type Monograph ( Printed materials)
Koha issues (borrowed), all copies 1
Holdings
Withdrawn status Lost status Source of classification or shelving scheme Damaged status Not for loan Collection code Home library Current library Shelving location Date acquired Total Checkouts Full call number Barcode Date last seen Date checked out Price effective from Koha item type
    Library of Congress Classification     Main Collection ARRUPE LIBRARY ARRUPE LIBRARY Main Collection 27/09/2013 3 DT430 .O41 2002 46411573 07/12/2017 02/10/2017 27/09/2013 Monograph ( Printed materials)

 

Arrupe Library. PO Box MP320 Mt Pleasant, Harare, Zimbabwe
263 242 745411|librarian@aju.ac.zw